LEADER 01241nam0-2200409---450- 001 990009357430403321 005 20120802174344.0 035 $a000935743 035 $aFED01000935743 035 $a(Aleph)000935743FED01 035 $a000935743 100 $a20110511g19669999km-y0itay50------ba 101 0 $afre 102 $aFR 105 $ay-------001yy 200 1 $aAnatomie comparée des mammifères domestiques$fpar R. Barone 210 $aLyon$cLaboratoire d'anatomie, École nationale vétérinaire$d1966- 215 $av.$d24 cm 327 0 $a1.: Osteologie$a2.: Arthrologie et myologie$a3.: Splanchnologie : foetus et ses annexes 453 0$1001000935746 610 0 $aAnatomia veterinaria 610 0 $aMammiferi$aAnatomia 676 $a636.089 1 676 $a591.4 700 1$aBarone,$bRobert$0284969 801 0$aIT$bUNINA$gRICA$2UNIMARC 901 $aBK 912 $a990009357430403321 952 $aIIIb C 40.1$b4348$fDMVSF 952 $aIIIb C 40.2$b4918$fDMVSF 952 $aF V 11/o$b1788$fDMVCM 952 $aF V 12/o$b1788$fDMVCM 952 $aF V 12/obis$b1788$fDMVCM 959 $aDMVSF 959 $aDMVCM 996 $aAnatomie comparée des mammifères domestiques$916777 997 $aUNINA LEADER 01985nas 2200589-a 450 001 996205501303316 005 20210831213017.0 011 $a1179-5484 035 $a(DE-599)ZDB2583465-4 035 $a(OCoLC)650323926 035 $a(CKB)2550000000016457 035 $a(CONSER)--2010243848 035 $a(EXLCZ)992550000000016457 100 $a20091209a20109999 --- a 101 0 $aeng 135 $aurmn||||a|||| 181 $ctxt$2rdacontent 182 $cc$2rdamedia 183 $acr$2rdacarrier 200 00$aClinical medicine insights$iCirculatory, respiratory and pulmonary medicine 210 $a[Auckland, N.Z.] $cLibertas Academica$d[2010]- 210 31$aThousand Oaks, CA :$cSAGE Publications 215 $a1 online resource 300 $aRefereed/Peer-reviewed 300 $aArchived by the National Library of New Zealand. 300 $aSome issues have supplements. 517 3 $aCirculatory, respiratory and pulmonary medicine 531 $aCLINICAL MEDICINE INSIGHTS 531 $aCLIN MED INSIGHTS CIRC RESPIR PULM MED 531 $aENG 531 1 $aClin. med. insights, Circ. respir. pulm. med. 606 $aCardiovascular system$xDiseases$vPeriodicals 606 $aRespiratory organs$xDiseases$vPeriodicals 606 $aBlood Circulation 606 $aRespiration 606 $aLung Diseases 606 $aCardiovascular system$xDiseases$2fast$3(OCoLC)fst00847181 606 $aRespiratory organs$xDiseases$2fast$3(OCoLC)fst01095766 608 $aPeriodicals. 608 $aPeriodicals.$2fast 615 0$aCardiovascular system$xDiseases 615 0$aRespiratory organs$xDiseases 615 12$aBlood Circulation. 615 12$aRespiration. 615 12$aLung Diseases. 615 7$aCardiovascular system$xDiseases. 615 7$aRespiratory organs$xDiseases. 676 $a616.1005 906 $aJOURNAL 912 $a996205501303316 996 $aClinical medicine insights$91939883 997 $aUNISA